01493nam a2200313Ia 4500001001200000003000800012006001900020007001500039008004100054010001700095020001500112040002100127035002000148050002400168245034900192260005500541300002400596500005000620504002900670533015200699650005000851650004100901655002900942700002600971700002200997710001701019856012601036999001701162ebr10068428CaPaEBRm u cr cn|||||||||820216s1981 dcua sb 000 0 eng d z 81011217  z0309031494 aCaPaEBRcCaPaEBR a(OCoLC)4496337314aHV5292b.B49 1981eb00aAlcohol and public policyh[electronic resource] :bbeyond the shadow of prohibition /cPanel on Alternative Policies Affecting the Prevention of Alcohol Abuse and Alcoholism, Committee on Substance Abuse and Habitual Behavior, Assembly of Behavioral and Social Sciences, National Research Council ; Mark H. Moore and Dean R. Gerstein, editors. aWashington, D.C. :bNational Academy Press,c1981. axiv, 463 p. :bill. aIncludes 7 studies commissioned by the panel. aIncludes bibliographies. aElectronic reproduction.bPalo Alto, Calif. :cebrary,d2009.nAvailable via World Wide Web.nAccess may be limited to ebrary affiliated libraries. 0aAlcoholismxGovernment policyzUnited States. 0aProhibitionzUnited StatesxHistory. 7aElectronic books.2local1 aMoore, Mark Harrison.1 aGerstein, Dean R.2 aebrary, Inc.40uhttp://site.ebrary.com/lib/rucke/Doc?id=10068428zAn electronic book accessible through the World Wide Web; click to view c28373d28373